Normal view
MARC view
- Introduction to microwave theory
Entry Topical Term
001 - CONTROL NUMBER
- control field: 127462
003 - CONTROL NUMBER IDENTIFIER
- control field: NUST
005 - DATE AND TIME OF LATEST TRANSACTION
- control field: 20250110100853.0
008 - FIXED-LENGTH DATA ELEMENTS
- fixed length control field: 250110|| aca||aabn | a|a d
040 ## - CATALOGING SOURCE
- Original cataloging agency: NUST
- Transcribing agency: NUST
150 ## - HEADING--TOPICAL TERM
- Topical term or geographic name entry element: Introduction to microwave theory
670 ## - SOURCE DATA FOUND
- Source citation: Work cat.: (NUST): H.A Atwater 127461, Introduction to microwave theory , 1962.
